000 00563nam a2200181 a 4500
005 20140412111303.0
008 001118s19uu xx 00 eng d
020 _a0-7214-0525-8
050 _aER
_bGo57 1978
100 _aMandeville, Sylvia
245 _aThe Parable of the good samaritan /
_cretold for easy reading by Sylvia Mandelville; illustrated by David Palmer.
260 _aUK :
_bLadybird Books,
_c1978.
300 _a51 p. ; col. ; ill.
440 _aLadybird: Religous Topics
650 _aParables
650 _aBible stories
999 _c103537
_d103537